A journey less travelled / (Record no. 53875)

MARC details
000 -LEADER
fixed length control field 01135nam a22002777a 4500
005 - DATE AND TIME OF LATEST TRANSACTION
control field 20110714121734.0
008 - FIXED-LENGTH DATA ELEMENTS--GENERAL INFORMATION
fixed length control field 110714t xxu||||| |||| 00| 0 eng d
010 ## - LCCN (DPL NO)
LC control number ENG-103026
020 ## - INTERNATIONAL STANDARD BOOK NUMBER
International Standard Book Number 9789350350461
Terms of availability 650.00
035 ## - SYSTEM CONTROL NUMBER
System control number EN-86559
037 ## - SOURCE OF ACQUISITION
Source of stock number/acquisition DBAD / PUB
040 ## - CATALOGING SOURCE
Original cataloging agency dpl
Language of cataloging English
082 ## - DEWEY DECIMAL CLASSIFICATION NUMBER
Classification number 340.92
100 ## - MAIN ENTRY--PERSONAL NAME
9 (RLIN) 29416
Personal name Tewatia, Debi Singh
245 ## - TITLE STATEMENT
Title A journey less travelled /
Statement of responsibility, etc by Debi Singh Tewatia
260 ## - PUBLICATION, DISTRIBUTION, ETC. (IMPRINT)
Place of publication, distribution, etc New Delhi
Name of publisher, distributor, etc Universal Law Publishing
Date of publication, distribution, etc 2011
270 ## - ADDRESS
Address C-FF-1A, Dilkhush Industrial Estate, G.T. Karnal Road
City New Delhi
Postal code 110033
300 ## - PHYSICAL DESCRIPTION
Extent xviii,394p. :
Dimensions 25cm (Hb)
Other physical details ill., col. photos
520 ## - SUMMARY, ETC.
Summary, etc A compilation of true stories written by teenagers, and by adults writing about their teenage years, focusing on teen relationships with parents, friends, crushes, boyfriends and girlfriends.
650 ## - SUBJECT ADDED ENTRY--TOPICAL TERM
9 (RLIN) 29417
651 ## - SUBJECT ADDED ENTRY--GEOGRAPHIC NAME
9 (RLIN) 29488
700 ## - ADDED ENTRY--PERSONAL NAME
9 (RLIN) 29429
942 ## - ADDED ENTRY ELEMENTS (KOHA)
Source of classification or shelving scheme Dewey Decimal Classification
Item type English Books
Call number suffix TEW
Classification part 340.92
Holdings
Withdrawn status Lost status Source of classification or shelving scheme Damaged status Not for loan Collection code Home library Current library Date acquired Source of acquisition Cost, normal purchase price Total Checkouts Full call number Barcode Date last seen Copy number Cost, replacement price Koha item type
    Dewey Decimal Classification   Not For Loan Non-fiction D.B.Act.Division D.B.Act.Division 14/07/2011 DBAD/PUB 650.00   340.92TEW EN-86559 14/07/2011 1 650.00 English Books

© Delhi Public Library
Hit Counter
free hit counter